Library Banner

Operation clean up(urdu)/ (Record no. 103162)

MARC details
000 -LEADER
fixed length control field 00392nam a22001457a 4500
005 - DATE AND TIME OF LATEST TRANSACTION
control field 20180214113724.0
008 - FIXED-LENGTH DATA ELEMENTS--GENERAL INFORMATION
fixed length control field 180214b xxu||||| |||| 00| 0 eng d
040 ## - CATALOGING SOURCE
Transcribing agency PK-LaUMT
082 ## - DEWEY DECIMAL CLASSIFICATION NUMBER
Classification number PKAC 320.954918
Item number ISH-O
100 ## - MAIN ENTRY--PERSONAL NAME
Personal name Ishtiaq Azhar
245 ## - TITLE STATEMENT
Title Operation clean up(urdu)/
Statement of responsibility, etc Ishtiaq Azhar
260 ## - PUBLICATION, DISTRIBUTION, ETC. (IMPRINT)
Place of publication, distribution, etc کراچی:
Name of publisher, distributor, etc مکتبہ شہر قاید
Date of publication, distribution, etc 1998
300 ## - PHYSICAL DESCRIPTION
Extent 191
942 ## - ADDED ENTRY ELEMENTS (KOHA)
Koha item type Books
Holdings
Withdrawn status Lost status Damaged status Home library Current library Date acquired Full call number Barcode Date last seen Price effective from Koha item type
      UMT Main Campus UMT Main Campus 2018-02-14 PKAC 320.954918 ISH-O 119256 2018-02-14 2018-02-14 Books